00366nam a2200097Ia 45000010005000000080041000050820028000461000087000742450083001612600024002442294241024s9999 xx 000 0 und d aRD/370.97293/R426a/2012 aRepública Dominicana. Ministerio de Educación. Consejo Nacional de Educación 0aActa Sesión Ordinaria, 20 de diciembre del 2011. Informes de cierre de año bSanto Domingoc2011